00524nam a2200181Ia 4500008004100000020001800041082000800059100002300067245004200090250000600132260003900138300001500177500002400192650001200216942000700228952009000235999001700325230524s9999 xx 000 0 und d a9789382332473 bVIS aAlka Vishwa942989 0aComputer Organization And Arcitecture a1 aNew DelhibI.K.Internationalc2013 a"XI,369p;" aQuantity Number: 1 aComp-Sc cBK 00104070aTATCLbTATCLcGENd2023-05-24l0o VISp54229r2023-05-24w2023-05-24yBK c57938d57938